000 03539cam a2200541 i 4500
003 PE-LiUPU
005 20250731172839.0
008 150416s2015 gau b 001 0 eng
010 _a 2015014546
020 _a1628370602
020 _a9781628370607
035 _a(Sirsi) i9781628370607
040 _aPE-LiUPU
_bspa
_cPE-LiUPU
_erda
049 _aPRUA
082 0 0 _a224.90663
_bB7
_223
245 0 4 _aThe Book of the Twelve and the new form criticism /
_cedited by Mark J. Boda, Michael H. Floyd, and Colin M. Toffelmire.
264 1 _aAtlanta :
_bSBL Press,
_c[2015]
300 _aix, 366 páginas ;
_c24 centímetros.
336 _atext
_2rdacontent
337 _aunmediated
_2rdamedia
338 _avolume
_2rdacarrier
490 1 _aAncient Near East monographs ;
_vnumber 10
504 _aBibliografía : páginas 323-346.
504 _aÍndice : páginas 347-366.
505 0 0 _gIntroduction / Michael H. Floyd -- New form criticism and beyond: the historicity of prophetic literature revisited / Michael H. Floyd -- "I will make her like a desert": intertextual allusion and feminine and agricultural metaphors in the Book of the Twelve / Beth M. Stovell -- Reading the "prophetic lawsuit" genre in the Persian period / James M. Trotter -- The vision report genre between form-criticism and redaction-criticism: an investigation of Amos 7-9 and Zechariah 1-6 / Lena-Sofia Tiemeyer -- Harrowing woes and comforting promises in the Book of the Twelve / Carol J. Dempsey -- Twelve (and more) anonyms: a biblical book without authors / Erhard S. Gerstenberger -- Form and eschatology in the Book of the Twelve prophets / Marvin A. Sweeney -- Where are the prophets in the Book of the Twelve? / James D. Nogalski -- A deafening call to silence: the rhetorical "end" of human address to the deity in the Book of the Twelve / Mark J. Boda -- The book of Amos as "prophetic fiction": describing the genre of a written work that reinvigorates older oral speech forms / Tim Bulkeley -- Sitz im what? Context and the prophetic book of Oadiah / Colin M. Toffelmire -- The non-Israelite nations in Zephaniah: conceptual coherence and the relationship of the parts to the whole / D.C. Timmer -- Form criticism in Haggai, Zechariah, and Malachi: from oral sayings to literature / Paul L. Redditt -- A new form-critical approach to Zechariah's crowning of the high priest Joshua and the identity of "Shoot" (Zechariah 6:9-15) / Anthony R. Petterson -- Goals and processes of the "new" form criticism / Martin J. Buss -- New form criticism and the prophetic literature: the unfinished agenda / Robert R. Wilson.
526 _aSEG42
526 _aSEG41
526 _aSEG40
526 _aSEG39
526 _aP94
526 _aP87
526 _aP86
526 _aP85
526 _aP77
526 _aP76
526 _aP35
630 0 0 _aBiblia.
_pProfetas menores.
700 1 _aBoda, Mark J.,
_eeditor.
700 1 _aFloyd, Michael H.,
_eeditor.
700 1 _aToffelmire, Colin M.,
_eeditor.
910 _ajck
_bebj
_cebj
_d20160519
942 _2ddc
_cBOOK
949 _a224.90663 B7
_wDEWEY
_c1
_i72866
_lCCODEBUL1
_mBUL
_p30.00
_r0
_sY
_tBOOK
_u2016-4-13
_xTEOLOGIA
_PP35
_0COMPRA
_o.STAFF. Colección Teología
994 _aC0
_bPEPRU
596 _a1
999 _a224.90663 B7
_wDEWEY
_c9410
_i72866
_d9410
_e2017-5-2
_f2021-11-9
_g5
_lCCODEBUL1
_mBUL
_n1
_p30.00
_q2
_r0
_sY
_tBOOK
_u2016-4-13
_xTEOLOGIA
_PP35
_0COMPRA
_o.STAFF. Colección Teología
980 _81
_gALBERTO SANCHEZ Responsable de Automatización